Atlas color de citología e histología /
Guardado en:
| Autor Principal: | |
|---|---|
| Formato: | Libro |
| Publicado: |
Madrid :
Médica Panamericana,
2005
|
| Edición: | 11a. ed. |
| Materias: | |
| Etiquetas: |
Agregar Etiqueta
Sin Etiquetas, Sea el primero en etiquetar este registro!
|
| LEADER | 01000nam a22002055a 4500 | ||
|---|---|---|---|
| 001 | CEM.cems017259 | ||
| 005 | 20091104145023.0 | ||
| 008 | 130507s2005##################000#0#####d | ||
| 003 | CEMS | ||
| 020 | |a 8479038357 | ||
| 082 | 0 | 4 | |a 611.018 |
| 100 | 1 | |a Kühnel, Wolfgang | |
| 245 | 1 | 0 | |a Atlas color de citología e histología / |c Wolfgang Kühnel |
| 250 | |a 11a. ed. | ||
| 260 | |a Madrid : |b Médica Panamericana, |c 2005 | ||
| 300 | |a 535 p. | ||
| 505 | 0 | |a Células -- Tejido epitelial -- Epitelio glandular exócrino -- Tejido conjhuntivo y de sostén -- Tejido muscular -- Tejido nervioso -- Vasos sanguíneos, sangre y sistema inmune -- Glándulas endocrinas -- Aparato digestivo -- Aparato respiratorio -- Aparato urinario -- Aparato genital masculino -- Aparato genital femenino -- Piel y faneras -- Receptores somatosensitivos -- Órganos de los sentidos -- Sistema nervioso central - | |
| 653 | |a Citología | ||
| 653 | |a Histología | ||
| 859 | |a CEMS |b BIB. CEMS - Agricultura |h 611.018 |i K528a11 |p A1067.09 |t Ej.1 | ||
